[Event "Men Ch Group A r_2 "]
[Site "Albena BUL"]
[Date "2010.05.28"]
[Round "2.1"]
[White "Mrdja, Milan"]
[Black "Nikolov, Momchil"]
[Result "0-1"]
[WhiteElo "2383"]
[BlackElo "2553"]
[PlyCount "130"]
[EventDate "2010.05.27"]
[EventRounds "7"]
[EventCountry "BUL"]

1. e4 c5 2. Nf3 e6 3. d4 cxd4 4. Nxd4 a6 5. Bd3 Nf6 6. O-O Qc7 7. c4 Nc6 8.
Nxc6 dxc6 9. Qe2 e5 10. h3 Bc5 11. Nd2 Be6 12. Nb3 Ba7 13. Be3 Bxe3 14. Qxe3 b6
15. a4 a5 16. Be2 Nd7 17. Rfd1 c5 18. Bg4 Nf8 19. Nd2 Bxg4 20. hxg4 Ne6 21. Nf3
Nd4 22. Nxd4 cxd4 23. Qg3 Rd8 24. b3 O-O 25. Rd3 Qe7 26. Rf1 Rfe8 27. Qf3 Rd6
28. Qe2 Qg5 29. Rh3 Rg6 30. f3 Rd6 31. Rd1 d3 32. Qd2 Qe7 33. Kf2 h6 34. Rhh1
Red8 35. Kg3 Rd4 36. Ra1 R8d6 37. Rad1 Qc7 38. Rc1 Qc5 39. Ra1 Kf8 40. Ra2 Ke7
41. Raa1 Kd8 42. Ra2 Kc7 43. Rb2 Kb7 44. Rhb1 h5 45. g5 f5 46. gxf6 gxf6 47.
Re1 Rd8 48. Kh3 Qe7 49. b4 axb4 50. Rxb4 Rxc4 51. Reb1 Rxb4 52. Rxb4 Qc5 53.
Kh2 Rd4 54. Rb2 Ka6 55. Qh6 Qc6 56. a5 bxa5 57. Qd2 Rd8 58. Ra2 Qc5 59. Qh6 Qb6
60. Qd2 Rd4 61. Qh6 Qd6 62. Qh8 Qd8 63. Qg7 d2 64. Qf7 d1=Q 65. Qe6+ Ka7 0-1

[Event "Men Ch Group A r_2 "]
[Site "Albena BUL"]
[Date "2010.05.28"]
[Round "2.1"]
[White "Petrov, Marijan"]
[Black "Marholev, Dimitar"]
[Result "1-0"]
[WhiteElo "2545"]
[BlackElo "2433"]
[PlyCount "67"]
[EventDate "2010.05.27"]
[EventRounds "7"]
[EventCountry "BUL"]

1. e4 e5 2. Nf3 Nc6 3. Bb5 a6 4. Ba4 Nf6 5. O-O b5 6. Bb3 Be7 7. d4 d6 8. dxe5
Nxe5 9. Nxe5 dxe5 10. Qxd8+ Bxd8 11. a4 Bb7 12. Nc3 b4 13. Nd5 a5 14. f4 exf4
15. Bxf4 Nxd5 16. exd5 Kd7 17. d6 cxd6 18. Rad1 d5 19. Bxd5 Bxd5 20. Rxd5+ Ke6
21. Rd6+ Ke7 22. Re1+ Kf8 23. Rd7 h6 24. Bd6+ Kg8 25. Re8+ Kh7 26. Rxh8+ Kxh8
27. Rxf7 Bf6 28. Rf8+ Rxf8 29. Bxf8 Bxb2 30. Bc5 Kg8 31. Bb6 Kf7 32. Bxa5 Bc3
33. Bb6 Ke6 34. a5 1-0

[Event "Men Ch Group A r_2 "]
[Site "Albena BUL"]
[Date "2010.05.28"]
[Round "2.1"]
[White "Dobrev, Nanko"]
[Black "Bojkov, Dejan"]
[Result "0-1"]
[WhiteElo "2396"]
[BlackElo "2542"]
[PlyCount "82"]
[EventDate "2010.05.27"]
[EventRounds "7"]
[EventCountry "BUL"]

1. Nf3 Nf6 2. b3 d6 3. d4 g6 4. Bb2 Bg7 5. e3 O-O 6. Be2 c5 7. O-O Nc6 8. c4
cxd4 9. Nxd4 Bd7 10. Nd2 d5 11. Bf3 Nxd4 12. Bxd4 Bc6 13. Qc1 Re8 14. Be5 Rc8
15. Qb2 dxc4 16. Bxc6 c3 17. Bxc3 Rxc6 18. Rac1 Qd5 19. Nf3 Rec8 20. Rcd1 Qh5
21. Rd3 Qf5 22. Rfd1 Ne8 23. Nd4 Bxd4 24. exd4 Qd5 25. Re1 Re6 26. Rxe6 Qxe6
27. d5 Qf5 28. Qd2 Nd6 29. f3 Rc7 30. a4 Qc8 31. h4 h5 32. Bd4 Nf5 33. Bxa7
Rc1+ 34. Kh2 Qc7+ 35. d6 exd6 36. Bb6 Qc6 37. Qf4 Qc2 38. Be3 Rf1 39. Rd5 Re1
40. Bd4 Kh7 41. Rxd6 Qb1 0-1

[Event "Men Ch Group A r_2 "]
[Site "Albena BUL"]
[Date "2010.05.28"]
[Round "2.2"]
[White "Badev, Kiril"]
[Black "Simeonov, Stefan"]
[Result "1-0"]
[WhiteElo "2348"]
[BlackElo "2373"]
[PlyCount "79"]
[EventDate "2010.05.27"]
[EventRounds "7"]
[EventCountry "BUL"]

1. e4 c5 2. Nf3 d6 3. d4 cxd4 4. Nxd4 Nf6 5. Nc3 a6 6. h3 e6 7. g4 d5 8. exd5
Nxd5 9. Ne4 Nd7 10. Bg2 N7f6 11. Nxf6+ Qxf6 12. Ne2 Bc5 13. O-O O-O 14. c4 Nb4
15. Nc3 Rd8 16. Qe2 Bd7 17. Ne4 Qe5 18. Bg5 f6 19. Bh4 Bd4 20. Rad1 Ba4 21. b3
Bc6 22. Bg3 Qa5 23. Nd6 Be5 24. Bxe5 Qxe5 25. Qxe5 fxe5 26. Nxb7 Rxd1 27. Rxd1
Bxg2 28. Kxg2 Nxa2 29. c5 Rc8 30. Rd6 Rc7 31. c6 Nb4 32. Rd8+ Kf7 33. Rd7+ Rxd7
34. cxd7 Nc6 35. d8=Q Nxd8 36. Nxd8+ Ke7 37. Nb7 e4 38. Kf1 Kf6 39. Nc5 a5 40.
Nb7 1-0

[Event "Men Ch Group A r_2 "]
[Site "Albena BUL"]
[Date "2010.05.28"]
[Round "2.2"]
[White "Lalev, Dimitar"]
[Black "Stoinev, Metodi"]
[Result "0-1"]
[WhiteElo "2396"]
[BlackElo "2295"]
[PlyCount "152"]
[EventDate "2010.05.27"]
[EventRounds "7"]
[EventCountry "BUL"]

1. d4 d5 2. c4 e6 3. Nf3 Nf6 4. g3 Be7 5. Bg2 O-O 6. O-O Nbd7 7. Qc2 c6 8. Nbd2
b6 9. e4 Bb7 10. e5 Ne8 11. cxd5 cxd5 12. Re1 Rc8 13. Qa4 Qc7 14. Bf1 a5 15.
Re3 Nb8 16. a3 Ba6 17. Bxa6 Nxa6 18. Qb5 Qb7 19. Rb3 Rb8 20. Nf1 Nec7 21. Qe2
b5 22. Bg5 Bxg5 23. Nxg5 h6 24. Nh3 Rfc8 25. g4 g6 26. Qd2 Kg7 27. Qxa5 Ne8 28.
Ne3 Rc6 29. Nf4 Nac7 30. Nd3 Qc8 31. Qd2 Qd8 32. Nb4 Rcb6 33. Ng2 Na6 34. Rh3
Qg5 35. Qxg5 hxg5 36. Rc3 Nxb4 37. axb4 R6b7 38. Ne1 f6 39. Nf3 Kh6 40. Ra6 f5
41. h3 Ng7 42. Kg2 Rf8 43. Ra1 Rbf7 44. Rh1 fxg4 45. hxg4+ Nh5 46. gxh5 gxh5
47. Rf1 Rf4 48. Nh2 Rxd4 49. Rc6 Re8 50. f3 Rxb4 51. Rf2 Kg6 52. Nf1 Rb3 53.
Re2 g4 54. fxg4 hxg4 55. Ng3 Kg5 56. Rc7 Rh8 57. Ra7 Kf4 58. Rf7+ Kg5 59. Rf6
Rh6 60. Rf8 Rh3 61. Nf1 Rhf3 62. Rg8+ Kf4 63. Rg6 d4 64. Rxe6 d3 65. Rd2 Rb4
66. Rf6+ Kxe5 67. Rxf3 gxf3+ 68. Kxf3 Rf4+ 69. Kg2 Kd4 70. Rf2 Rg4+ 71. Kf3 Rg8
72. Nd2 Rf8+ 73. Kg2 Rc8 74. Rf4+ Ke3 75. Rh4 Kxd2 76. Kf2 Rd8 0-1

[Event "Men Ch Group A r_2 "]
[Site "Albena BUL"]
[Date "2010.05.28"]
[Round "2.2"]
[White "Mishev, Liubomir"]
[Black "Ilchev, Dimitar"]
[Result "1-0"]
[WhiteElo "2189"]
[BlackElo "2043"]
[PlyCount "113"]
[EventDate "2010.05.27"]
[EventRounds "7"]
[EventCountry "BUL"]

1. e4 c6 2. d3 d5 3. Nd2 e6 4. Ngf3 Nf6 5. Be2 Be7 6. e5 Nfd7 7. d4 c5 8. c3
Nc6 9. O-O O-O 10. Bd3 cxd4 11. cxd4 Re8 12. Nb3 Nf8 13. Be3 Bd7 14. Rc1 Rc8
15. a3 Qb6 16. Nfd2 Na5 17. Nxa5 Qxa5 18. Qg4 Bb5 19. Qe2 Bxd3 20. Qxd3 Nd7 21.
Nb3 Qb6 22. Rc3 Rxc3 23. Qxc3 Nb8 24. Nc1 Nc6 25. Nd3 Rc8 26. Rc1 a6 27. h3 Bf8
28. Kh2 Qb5 29. Qd2 Ne7 30. Rxc8 Nxc8 31. Qc3 Nb6 32. Bc1 Nc4 33. b3 Na5 34. b4
Nc4 35. Qb3 Nb6 36. Nb2 Qc6 37. Bf4 Nd7 38. Na4 Be7 39. Be3 h6 40. Bd2 b5 41.
Nc5 Nb6 42. Bc3 Nc4 43. f4 g6 44. Nd3 Bf8 45. Be1 Ne3 46. Nc5 Nc4 47. Qd3 Be7
48. g4 Bxc5 49. dxc5 Qd7 50. Qd4 Qd8 51. Bg3 a5 52. c6 axb4 53. axb4 Qb6 54.
Qxb6 Nxb6 55. Bf2 Nc8 56. Bc5 Kg7 57. g5 1-0

[Event "Men Ch Group A r_2 "]
[Site "Albena BUL"]
[Date "2010.05.28"]
[Round "2.2"]
[White "Rahnev, Alexander"]
[Black "Karakehajov, Kalin"]
[Result "0-1"]
[WhiteElo "2125"]
[BlackElo "2505"]
[PlyCount "96"]
[EventDate "2010.05.27"]
[EventRounds "7"]
[EventCountry "BUL"]

1. d4 d5 2. Nf3 e6 3. e3 Nf6 4. Bd3 c5 5. b3 b6 6. O-O Be7 7. Nbd2 Bb7 8. Bb2
O-O 9. Qe2 Ne4 10. c4 Nd7 11. cxd5 exd5 12. Ba6 Bxa6 13. Qxa6 cxd4 14. exd4 Bd6
15. Rfe1 Bb4 16. Re2 Bxd2 17. Nxd2 Nxd2 18. Rxd2 Re8 19. Re2 Rxe2 20. Qxe2 Nf8
21. Rc1 Ne6 22. Qe5 Rc8 23. Rxc8 Qxc8 24. g3 h5 25. Ba3 Qc2 26. Qxd5 h4 27. Kg2
h3+ 28. Kxh3 Qxf2 29. Be7 Nxd4 30. Qa8+ Kh7 31. Qe4+ f5 32. Qf4 Qxf4 33. gxf4
Ne2 34. Kh4 Kg6 35. Bd6 Nc1 36. Kg3 Nxa2 37. Kf3 a5 38. Ke3 Nc1 39. b4 axb4 40.
Bxb4 Kh5 41. Ba3 Nb3 42. Kf3 Nd2+ 43. Kg2 Nc4 44. Bf8 g6 45. h3 Ne3+ 46. Kf2
Nd5 47. Bd6 b5 48. Be5 b4 0-1

[Event "Men Ch Group A r_2 "]
[Site "Albena BUL"]
[Date "2010.05.28"]
[Round "2.2"]
[White "Panajotov, Janko"]
[Black "Dimitrov, Marin"]
[Result "1-0"]
[WhiteElo "2192"]
[BlackElo "2097"]
[PlyCount "83"]
[EventDate "2010.05.27"]
[EventRounds "7"]
[EventCountry "BUL"]

1. e4 c5 2. Nc3 Nc6 3. Nge2 Nf6 4. d4 cxd4 5. Nxd4 d6 6. Bg5 Qb6 7. Nb3 e6 8.
Qd2 Be7 9. Bd3 O-O 10. O-O Rd8 11. Qe2 a6 12. a4 Qc7 13. a5 d5 14. exd5 exd5
15. Bxf6 gxf6 16. Qh5 f5 17. Bxf5 Bxf5 18. Qxf5 Qd7 19. Qh5 Nb4 20. Rad1 Bf6
21. Nc5 Qc8 22. Nxd5 Rxd5 23. Rxd5 Nxd5 24. Qxd5 Bxb2 25. Rb1 Qd8 26. Nd7 Qe7
27. Qxb7 Re8 28. g3 Bd4 29. Qd5 Bc3 30. Rb8 Rxb8 31. Nxb8 Qe1+ 32. Kg2 Qe2 33.
Qd3 Qe5 34. Nc6 Qc5 35. Qxa6 Qd5+ 36. Kg1 Qd1+ 37. Qf1 Qxc2 38. a6 Qa4 39. Ne7+
Kf8 40. Nf5 Qa5 41. Qd3 Bf6 42. Qd6+ 1-0

[Event "Men Ch Group A r_2 "]
[Site "Albena BUL"]
[Date "2010.05.28"]
[Round "2.3"]
[White "Radulski, Julian"]
[Black "Ninov, Nikolai"]
[Result "1-0"]
[WhiteElo "2593"]
[BlackElo "2524"]
[PlyCount "79"]
[EventDate "2010.05.27"]
[EventRounds "7"]
[EventCountry "BUL"]

1. e4 c5 2. Nf3 d6 3. d4 Nf6 4. Nc3 cxd4 5. Nxd4 e6 6. Be2 a6 7. O-O Be7 8. Qd3
b5 9. Bf3 Nfd7 10. Qe3 Ne5 11. Be2 b4 12. Na4 Bd7 13. b3 Bxa4 14. bxa4 Bf6 15.
Rb1 Nbc6 16. Nxc6 Nxc6 17. a3 bxa3 18. Bxa3 Nd4 19. Bd3 O-O 20. c3 Nc6 21. Rfd1
Qa5 22. Bxd6 Rfd8 23. Bf1 Qxc3 24. Qxc3 Bxc3 25. Rbc1 Nd4 26. Be7 Rd7 27. Rxc3
Nf3+ 28. gxf3 Rxd1 29. Kg2 h5 30. a5 e5 31. Rc7 f6 32. Bc4+ Kh8 33. Bd5 Rb8 34.
Ra7 Rbb1 35. Rxa6 Rg1+ 36. Kh3 Rbc1 37. Rc6 Rcd1 38. Rc3 Rd2 39. a6 Rxf2 40.
Bc5 1-0

[Event "Men Ch Group A r_2 "]
[Site "Albena BUL"]
[Date "2010.05.28"]
[Round "2.3"]
[White "Popchev, Milko"]
[Black "Grigorov, Grigor"]
[Result "1/2-1/2"]
[WhiteElo "2499"]
[BlackElo "2501"]
[PlyCount "62"]
[EventDate "2010.05.27"]
[EventRounds "7"]
[EventCountry "BUL"]

1. d4 Nf6 2. c3 e6 3. Bg5 c5 4. e3 Qb6 5. Qb3 d5 6. Qxb6 axb6 7. Nd2 Nc6 8. a3
Bd6 9. Ngf3 Bd7 10. Bd3 h6 11. Bf4 Ke7 12. O-O-O Bxf4 13. exf4 Rhc8 14. Kb1
cxd4 15. cxd4 Ne8 16. Rhe1 Nd6 17. Nb3 Na5 18. Nxa5 bxa5 19. Rc1 Rxc1+ 20. Rxc1
Rc8 21. Rxc8 Bxc8 22. Kc2 Bd7 23. g3 b6 24. Kd2 Be8 25. Ne1 Bc6 26. Nc2 Ba4 27.
Ne3 Bc6 28. f5 exf5 29. Nxf5+ Nxf5 30. Bxf5 Kd6 31. Ke3 Bb5 1/2-1/2

[Event "Men Ch Group A r_2 "]
[Site "Albena BUL"]
[Date "2010.05.28"]
[Round "2.3"]
[White "Berbatov, Kiprian"]
[Black "Kozhuharov, Spas"]
[Result "1/2-1/2"]
[WhiteElo "2471"]
[BlackElo "2404"]
[PlyCount "84"]
[EventDate "2010.05.27"]
[EventRounds "7"]
[EventCountry "BUL"]

1. e4 c6 2. d4 d5 3. e5 c5 4. dxc5 e6 5. Be3 Nh6 6. c3 Nf5 7. Bd4 Bd7 8. Nf3
Nc6 9. Qd2 f6 10. b4 Nfxd4 11. cxd4 fxe5 12. dxe5 Qc7 13. Qb2 a5 14. b5 Nd8 15.
Bd3 Qxc5 16. O-O Rc8 17. Qe2 Be7 18. Nbd2 a4 19. h4 Nf7 20. g3 Qb4 21. Kg2 Rc3
22. Rfc1 O-O 23. Ng5 h6 24. Rab1 Qc5 25. Nde4 dxe4 26. Nxe4 Rxc1 27. Nxc5 Rxc5
28. f4 Rd8 29. Qe4 Bc8 30. Rd1 Rcd5 31. Kf2 Bd7 32. Be2 Bc5+ 33. Ke1 Rxd1+ 34.
Bxd1 Bxb5 35. Qxb7 Bb4+ 36. Kf2 Bc5+ 37. Ke1 Bb4+ 38. Kf2 Rd2+ 39. Kf3 Rd3+ 40.
Kg2 Rd2+ 41. Kf3 Rd3+ 42. Kg2 Rd2+ 1/2-1/2

[Event "Men Ch Group A r_2 "]
[Site "Albena BUL"]
[Date "2010.05.28"]
[Round "2.3"]
[White "Arnaudov, G  Petar"]
[Black "Ivanov, Jordan"]
[Result "0-1"]
[WhiteElo "2416"]
[BlackElo "2429"]
[PlyCount "84"]
[EventDate "2010.05.27"]
[EventRounds "7"]
[EventCountry "BUL"]

1. d4 Nf6 2. c4 d6 3. Nc3 g6 4. e4 Bg7 5. h3 O-O 6. Nf3 e5 7. dxe5 dxe5 8. Qxd8
Rxd8 9. Bg5 Re8 10. Nd5 Nxd5 11. cxd5 c6 12. Bc4 cxd5 13. Bxd5 Na6 14. O-O-O
Nc7 15. Bb3 Be6 16. Be3 Bxb3 17. axb3 Red8 18. Kb1 Nb5 19. Bc5 b6 20. Be7 Rxd1+
21. Rxd1 Nd4 22. Nxd4 exd4 23. Rc1 d3 24. Bg5 Re8 25. Rc7 f5 26. exf5 gxf5 27.
Re7 Rc8 28. Rd7 Rc2 29. Bc1 Rxf2 30. Rxd3 Rxg2 31. Rf3 Rh2 32. b4 h5 33. b3 Kh7
34. b5 Bh6 35. Bxh6 Kxh6 36. Rxf5 Rxh3 37. Kb2 Rg3 38. Rf8 Rg7 39. Rh8+ Rh7 40.
Rg8 h4 41. Kc3 Kh5 42. Kd3 h3 0-1

[Event "Men Ch Group A r_2 "]
[Site "Albena BUL"]
[Date "2010.05.28"]
[Round "2.3"]
[White "Janev, Evgeni"]
[Black "Genov, Petar"]
[Result "1/2-1/2"]
[WhiteElo "2475"]
[BlackElo "2438"]
[PlyCount "63"]
[EventDate "2010.05.27"]
[EventRounds "7"]
[EventCountry "BUL"]

1. e4 c6 2. d4 d5 3. exd5 cxd5 4. c4 Nf6 5. Nc3 e6 6. Nf3 Bb4 7. Bd3 dxc4 8.
Bxc4 O-O 9. O-O b6 10. Bg5 Bxc3 11. bxc3 Nbd7 12. Bd3 Bb7 13. Re1 Rc8 14. Rc1
Re8 15. Re3 Nf8 16. Ne5 Qd5 17. Rg3 Ne4 18. Bxe4 Qxe4 19. Qd2 Ng6 20. Ng4 Qf5
21. h4 h5 22. Ne3 Qa5 23. Kh2 Qa3 24. c4 Qd6 25. Kg1 b5 26. c5 Qd7 27. Qd1 Be4
28. Qxh5 Qxd4 29. Qe2 f6 30. Rd1 Qxc5 31. Bxf6 gxf6 32. h5 1/2-1/2

[Event "Men Ch Group A r_2 "]
[Site "Albena BUL"]
[Date "2010.05.28"]
[Round "2.4"]
[White "Vasilev, Milen"]
[Black "Georgiev, Kiril"]
[Result "0-1"]
[WhiteElo "2468"]
[BlackElo "2662"]
[PlyCount "48"]
[EventDate "2010.05.27"]
[EventRounds "7"]
[EventCountry "BUL"]

1. d4 Nf6 2. c4 e6 3. Nf3 d5 4. Nc3 c6 5. Bg5 h6 6. Bxf6 Qxf6 7. e3 g6 8. Be2
Bg7 9. O-O O-O 10. Rc1 Qe7 11. Qc2 dxc4 12. Bxc4 Nd7 13. Rfd1 b6 14. Qe4 Bb7
15. Qf4 Nf6 16. Ne5 c5 17. Qh4 Rfd8 18. Ne2 Rac8 19. dxc5 Rxd1+ 20. Rxd1 Qxc5
21. Bxe6 fxe6 22. Nxg6 Qc2 23. Ne7+ Kf7 24. Qd4 Nd5 0-1

[Event "Men Ch Group A r_2 "]
[Site "Albena BUL"]
[Date "2010.05.28"]
[Round "2.4"]
[White "Lupulescu, Constantin"]
[Black "Lilov, Valeri"]
[Result "1-0"]
[WhiteElo "2593"]
[BlackElo "2415"]
[PlyCount "59"]
[EventDate "2010.05.27"]
[EventRounds "7"]
[EventCountry "BUL"]

1. e4 e5 2. Nc3 Nf6 3. g3 c6 4. d4 Bb4 5. dxe5 Nxe4 6. Qd4 Bxc3+ 7. bxc3 d5 8.
Ba3 Qa5 9. Bb4 Qc7 10. Ba3 Qa5 11. Qb4 Qc7 12. f3 Ng5 13. O-O-O b5 14. Qh4 h6
15. Bg2 Bf5 16. Ne2 a5 17. Bd6 Qb7 18. Nd4 Bh7 19. f4 Ne4 20. Bxe4 Bxe4 21.
Rhe1 Qd7 22. f5 Na6 23. Rxe4 dxe4 24. Qxe4 Rc8 25. Nxb5 Qb7 26. f6 Qxb5 27.
fxg7 Rg8 28. Qh7 Kd7 29. Qf5+ Kd8 30. Qxf7 1-0

[Event "Men Ch Group A r_2 "]
[Site "Albena BUL"]
[Date "2010.05.28"]
[Round "2.4"]
[White "Manolov, Ivan"]
[Black "Spasov, Vasil"]
[Result "0-1"]
[WhiteElo "2266"]
[BlackElo "2605"]
[PlyCount "76"]
[EventDate "2010.05.27"]
[EventRounds "7"]
[EventCountry "BUL"]

1. e4 c5 2. Nf3 Nc6 3. Bb5 Nf6 4. Qe2 g6 5. Bxc6 dxc6 6. h3 Bg7 7. O-O Nd7 8.
d3 e5 9. Nbd2 Nf8 10. Nc4 Qc7 11. a3 a5 12. Bd2 Ne6 13. b4 cxb4 14. axb4 a4 15.
c3 b5 16. Na3 O-O 17. Rfd1 Bd7 18. Rac1 f5 19. c4 Qd6 20. c5 Qe7 21. Re1 Rae8
22. exf5 Rxf5 23. Be3 Nf4 24. Bxf4 Rxf4 25. d4 e4 26. Ne5 Bxe5 27. dxe5 Qxe5
28. Qe3 Be6 29. Rcd1 Bb3 30. Rd4 Rf7 31. Re2 Qf4 32. Qxf4 Rxf4 33. Kf1 Ref8 34.
Rd6 Bd5 35. Ke1 e3 36. fxe3 Rxb4 37. Nc2 Rb2 38. Kd2 a3 0-1

[Event "Men Ch Group A r_2 "]
[Site "Albena BUL"]
[Date "2010.05.28"]
[Round "2.4"]
[White "Kolev, Atanas"]
[Black "Andreev, Sasho"]
[Result "1-0"]
[WhiteElo "2580"]
[BlackElo "2194"]
[PlyCount "104"]
[EventDate "2010.05.27"]
[EventRounds "7"]
[EventCountry "BUL"]

1. e4 Nf6 2. e5 Nd5 3. d4 d6 4. Nf3 g6 5. Bc4 Nb6 6. Bb3 Bg7 7. a4 a5 8. Qe2
O-O 9. h3 Nc6 10. O-O dxe5 11. dxe5 Nd4 12. Nxd4 Qxd4 13. Re1 Be6 14. Bxe6 fxe6
15. Nd2 Rf5 16. Nf3 Qc4 17. b3 Qxe2 18. Rxe2 Rd8 19. Bd2 Nd5 20. Rae1 Nb4 21.
Bxb4 axb4 22. Re4 c5 23. Kf1 Rd5 24. R1e3 Bh6 25. Rd3 Rf8 26. Rc4 b6 27. Ke2
Rfd8 28. g3 Bc1 29. a5 bxa5 30. Rxc5 Rxc5 31. Rxd8+ Kg7 32. Kd1 Bb2 33. Rd7 Kf7
34. Ng5+ Ke8 35. Nxe6 Rxe5 36. Rd8+ Kf7 37. Nf4 Bc3 38. Nd3 Rh5 39. h4 Rf5 40.
Ke2 h5 41. Ra8 g5 42. hxg5 Rxg5 43. Ra6 Bf6 44. Kf3 Rf5+ 45. Ke4 Rg5 46. Rc6
Rg4+ 47. Kf3 Rd4 48. Nc5 h4 49. gxh4 Bxh4 50. Ne4 e6 51. Nc5 Rd2 52. Nd3 Bf6
1-0

[Event "Men Ch Group A r_2 "]
[Site "Albena BUL"]
[Date "2010.05.28"]
[Round "2.4"]
[White "Angelov, Angel"]
[Black "Rusev, Krasimir"]
[Result "0-1"]
[WhiteElo "2227"]
[BlackElo "2553"]
[PlyCount "97"]
[EventDate "2010.05.27"]
[EventRounds "7"]
[EventCountry "BUL"]

1. e4 e6 2. d4 d5 3. Nd2 Be7 4. Ngf3 Nf6 5. Bd3 c5 6. exd5 Qxd5 7. dxc5 Qxc5 8.
Qe2 Nbd7 9. O-O Qc7 10. c4 b6 11. Ne4 Bb7 12. Bg5 h6 13. Bd2 Rc8 14. Rac1 O-O
15. Rfe1 Rfd8 16. b4 Nxe4 17. Bxe4 Bxe4 18. Qxe4 Nf6 19. Qe2 Qd7 20. a3 a5 21.
bxa5 Bxa3 22. Ra1 Bc5 23. Reb1 bxa5 24. Bxa5 Qd3 25. Kf1 Rd6 26. Qxd3 Rxd3 27.
Ke2 Rd7 28. Be1 Rdc7 29. Ra4 Be7 30. Rc1 Ne4 31. Ne5 Nc5 32. Ra2 Bd6 33. Nf3
Rb7 34. Nd4 Nd7 35. Bd2 Ne5 36. Rac2 Ba3 37. Ra1 Bc5 38. Nf3 Nd7 39. Ra5 f6 40.
Rb5 Rbc7 41. Ba5 Ra7 42. Bd2 Kf7 43. Be3 Bxe3 44. fxe3 Rac7 45. Rd2 Nc5 46. Ra2
h5 47. Raa5 g5 48. h3 h4 49. e4 0-1

[Event "Men Ch Group A r_2 "]
[Site "Albena BUL"]
[Date "2010.05.28"]
[Round "2.4"]
[White "Enchev, Ivajlo"]
[Black "Zhekov, Zhivko"]
[Result "1-0"]
[WhiteElo "2429"]
[BlackElo "2151"]
[PlyCount "61"]
[EventDate "2010.05.27"]
[EventRounds "7"]
[EventCountry "BUL"]

1. d4 Nf6 2. c4 e6 3. Nc3 Bb4 4. e3 b6 5. Nge2 Bb7 6. a3 Be7 7. d5 O-O 8. Ng3
d6 9. e4 c6 10. Be2 Re8 11. O-O Na6 12. dxc6 Bxc6 13. b4 Nc7 14. Qb3 d5 15. Rd1
dxc4 16. Qxc4 Bd7 17. Bf4 Rc8 18. Qb3 Rf8 19. Nb5 Nxb5 20. Bxb5 Bxb5 21. Rxd8
Rfxd8 22. h3 Rd3 23. Qb2 Ba4 24. Rc1 Rxc1+ 25. Bxc1 a5 26. Bd2 Nd7 27. Qc1 Bf6
28. bxa5 Nc5 29. axb6 Nb3 30. Qc8+ Rd8 31. b7 1-0

[Event "Men Ch GroupA r_3"]
[Site "Albena BUL"]
[Date "2010.05.29"]
[Round "3.1"]
[White "Georgiev, Kiril"]
[Black "Delchev, Aleksander"]
[Result "1/2-1/2"]
[WhiteElo "2662"]
[BlackElo "2625"]
[PlyCount "87"]
[EventDate "2010.05.27"]
[EventRounds "7"]
[EventCountry "BUL"]

1. d4 d5 2. c4 c6 3. Nf3 Nf6 4. Nc3 a6 5. a4 e6 6. g3 dxc4 7. Bg2 c5 8. dxc5
Qxd1+ 9. Nxd1 Bd7 10. Ne5 Nc6 11. Nxc6 Bxc6 12. Bxc6+ bxc6 13. Be3 Rb8 14. Bd4
Nd7 15. Ne3 Nxc5 16. O-O Nb3 17. Be5 Rb4 18. Bc3 Nxa1 19. Bxb4 Bxb4 20. Rxa1 c3
21. bxc3 Bxc3 22. Rc1 Bd4 23. Rxc6 Kd7 24. Rxa6 Rc8 25. Nf1 Rc2 26. e3 Bc5 27.
Ra8 h5 28. a5 Ra2 29. a6 g6 30. h3 e5 31. g4 hxg4 32. hxg4 Ra1 33. Kg2 Ra2 34.
Kf3 f5 35. gxf5 gxf5 36. Kg2 e4 37. Kg3 Bd6+ 38. Kg2 Bc5 39. Rg8 f4 40. Kg1
fxe3 41. Nxe3 Bxe3 42. Rg7+ Ke8 43. fxe3 Rxa6 44. Kf2 1/2-1/2

[Event "Men Ch GroupA r_3"]
[Site "Albena BUL"]
[Date "2010.05.29"]
[Round "3.1"]
[White "Iotov, Valentin"]
[Black "Lupulescu, Constantin"]
[Result "1/2-1/2"]
[WhiteElo "2569"]
[BlackElo "2593"]
[PlyCount "83"]
[EventDate "2010.05.27"]
[EventRounds "7"]
[EventCountry "BUL"]

1. d4 Nf6 2. c4 c5 3. d5 e6 4. Nc3 exd5 5. cxd5 d6 6. e4 g6 7. f4 Bg7 8. Bb5+
Nfd7 9. Nf3 a6 10. Bd3 b5 11. O-O O-O 12. Kh1 c4 13. Bc2 b4 14. Na4 Nb6 15. f5
Nxa4 16. Bxa4 gxf5 17. exf5 Bxf5 18. Bg5 Qc8 19. Nh4 Bg6 20. Bf6 Bxf6 21. Rxf6
Nd7 22. Rxd6 Ne5 23. Qd4 Qg4 24. Qxe5 Qxh4 25. Rc1 Ra7 26. Rf6 c3 27. bxc3 bxc3
28. Bb3 c2 29. Bxc2 Rc8 30. Rc6 Rxc6 31. Qe8+ Kg7 32. Qxc6 Re7 33. Rf1 Re2 34.
Qc3+ f6 35. Bxg6 hxg6 36. d6 Qg5 37. Qc6 Rd2 38. Qd7+ Kh6 39. Qh3+ Kg7 40. Qd7+
Kh6 41. Qh3+ Kg7 42. Qd7+ 1/2-1/2

[Event "Men Ch GroupA r_3"]
[Site "Albena BUL"]
[Date "2010.05.29"]
[Round "3.1"]
[White "Spasov, Vasil"]
[Black "Kogan, Artur"]
[Result "1/2-1/2"]
[WhiteElo "2605"]
[BlackElo "2525"]
[PlyCount "107"]
[EventDate "2010.05.27"]
[EventRounds "7"]
[EventCountry "BUL"]

1. e4 c5 2. Nf3 e6 3. d4 cxd4 4. Nxd4 Nf6 5. Nc3 d6 6. Be2 Be7 7. O-O O-O 8. f4
Nc6 9. Be3 e5 10. Nxc6 bxc6 11. Kh1 exf4 12. Bxf4 Be6 13. Bf3 Qb6 14. b3 Rad8
15. Qe2 Rfe8 16. Na4 Qa5 17. c4 Nd7 18. Rad1 Ne5 19. c5 Bc4 20. bxc4 Qxa4 21.
cxd6 Bxd6 22. c5 Bb8 23. Bh5 Rxd1 24. Qxd1 Qxd1 25. Bxd1 Nd3 26. Bd6 Bxd6 27.
cxd6 Kf8 28. Kg1 Rd8 29. Bb3 f6 30. Rd1 Nc5 31. e5 fxe5 32. Rf1+ Ke8 33. Rf7
Rd7 34. Rf5 Nxb3 35. Rxe5+ Kd8 36. axb3 Rxd6 37. Ra5 Rd7 38. Kf2 Rb7 39. Ke2
Kc8 40. b4 Rxb4 41. Rxa7 Rb7 42. Ra4 Kc7 43. Rh4 h6 44. Rg4 Kd6 45. Rg6+ Kd5
46. h4 c5 47. Kd3 Rc7 48. Kc3 Ke4 49. Kc4 Kf5 50. h5 Kf4 51. g4 Ke5 52. g5 hxg5
53. Rxg5+ Kf6 54. Rg4 1/2-1/2

[Event "Men Ch GroupA r_3"]
[Site "Albena BUL"]
[Date "2010.05.29"]
[Round "3.1"]
[White "Nikolov, Momchil"]
[Black "Kolev, Atanas"]
[Result "1/2-1/2"]
[WhiteElo "2553"]
[BlackElo "2580"]
[PlyCount "57"]
[EventDate "2010.05.27"]
[EventRounds "7"]
[EventCountry "BUL"]

1. d4 Nf6 2. c4 e6 3. Nc3 Bb4 4. Qc2 O-O 5. a3 Bxc3+ 6. Qxc3 b6 7. Bg5 Bb7 8.
e3 d6 9. Ne2 Nbd7 10. Qd3 Ba6 11. Nc3 d5 12. Qc2 Bxc4 13. Bxc4 dxc4 14. Qa4 c5
15. Rd1 cxd4 16. Rxd4 Qc7 17. Qxc4 Qxc4 18. Rxc4 Rfc8 19. Rxc8+ Rxc8 20. Ke2
Ne5 21. Bxf6 gxf6 22. Rc1 f5 23. f4 Ng4 24. h3 Nf6 25. Na2 Rd8 26. Nc3 Rc8 27.
Na2 Rd8 28. Rd1 Rc8 29. Rc1 1/2-1/2

[Event "Men Ch GroupA r_3"]
[Site "Albena BUL"]
[Date "2010.05.29"]
[Round "3.1"]
[White "Rusev, Krasimir"]
[Black "Petrov, Marijan"]
[Result "1-0"]
[WhiteElo "2553"]
[BlackElo "2545"]
[PlyCount "88"]
[EventDate "2010.05.27"]
[EventRounds "7"]
[EventCountry "BUL"]

1. d4 g6 2. c4 Bg7 3. Nc3 c5 4. d5 d6 5. e4 e6 6. h3 Nf6 7. Nf3 O-O 8. Bg5 exd5
9. cxd5 Qe8 10. Bd3 Nxe4 11. Nxe4 f5 12. O-O fxe4 13. Re1 Bf5 14. Bxe4 Bxe4 15.
Nd2 Na6 16. Nxe4 Qd7 17. Qd2 Rae8 18. Bf4 Be5 19. Bh6 Rf7 20. Kh1 Nc7 21. Re2
Rf5 22. Rae1 Bh8 23. g4 Rfe5 24. f4 R5e7 25. Kg2 Bd4 26. Qd3 Nxd5 27. Kg3 Nc7
28. b4 b6 29. Bg5 Rf7 30. Bh6 d5 31. Ng5 Rfe7 32. Nf3 Rxe2 33. Rxe2 Rxe2 34.
Qxe2 Qe6 35. Nxd4 cxd4 36. Qxe6+ Nxe6 37. Kf3 a5 38. f5 gxf5 39. gxf5 Nc7 40.
bxa5 bxa5 41. Kf4 Nb5 42. Ke5 Nc3 43. Ke6 Ne4 44. f6 Nc5+ 1-0

[Event "Men Ch GroupA r_3"]
[Site "Albena BUL"]
[Date "2010.05.29"]
[Round "3.1"]
[White "Bojkov, Dejan"]
[Black "Enchev, Ivajlo"]
[Result "1-0"]
[WhiteElo "2542"]
[BlackElo "2429"]
[PlyCount "65"]
[EventDate "2010.05.27"]
[EventRounds "7"]
[EventCountry "BUL"]

1. Nf3 c5 2. e4 e6 3. d3 Nc6 4. g3 g6 5. Bg2 Bg7 6. O-O Nge7 7. Re1 e5 8. c3 d6
9. a3 O-O 10. b4 b6 11. Nbd2 h6 12. Nb3 Be6 13. Be3 Qd7 14. Rb1 Bg4 15. b5 Nd8
16. a4 d5 17. Qd2 Kh7 18. d4 exd4 19. cxd4 c4 20. Ne5 Bxe5 21. dxe5 cxb3 22.
Bxh6 Re8 23. exd5 Rc8 24. Rxb3 Rc5 25. Rd3 Ng8 26. Bg5 Qc8 27. h3 Bf5 28. Rd4
Rc4 29. Qf4 Rxd4 30. Qxd4 Kg7 31. g4 Be6 32. Rc1 Qd7 33. d6 1-0